[Event "Rasht op"]
[Site "Rasht"]
[Date "2015.08.14"]
[Round "1"]
[White "Nezamzadeh, Mahyar"]
[Black "Asgari, Morteza"]
[Result "1/2-1/2"]
[WhiteElo "1710"]
[BlackElo "2251"]
[PlyCount "134"]
[EventDate "2015.08.14"]
[EventType "swiss"]
[EventRounds "11"]
[EventCountry "IRI"]
[SourceTitle "EXT 2016"]
[Source "ChessBase"]
[SourceDate "2015.10.08"]
[SourceVersion "1"]
[SourceVersionDate "2015.10.08"]
[SourceQuality "1"]

1. d4 Nf6 2. c4 g6 3. Nc3 d5 4. cxd5 Nxd5 5. e4 Nxc3 6. bxc3 Bg7 7. Bc4 c5 8. Ne2 Nc6 9. Be3 0-0 10. 0-0 Na5 11. Bd3 b6 12. Rb1 cxd4 13. cxd4 Bb7 14. Qa4 a6 15. Qb4 b5 16. d5 Bc8 17. Rfd1 Bd7 18. a4 Nc4 19. Bxc4 bxc4 20. Bb6 Qe8 21. a5 f5 22. Qxc4 Bb5 23. Qa2 fxe4 24. Nd4 Bd3 25. Rbc1 Bxd4 26. Bxd4 Qf7 27. Bb6 Rac8 28. h3 h6 29. Qd2 Kh7 30. Qb4 Qf6 31. Rc6 Qf7 32. Rdc1 Rb8 33. Re6 Rb7 34. Qd4 Qf4 35. Rcc6 Rg8 36. Qe5 Qxe5 37. Rxe5 Rg7 38. Rc7 Rxc7 39. Bxc7 Kg8 40. d6 exd6 41. Bxd6 Rd7 42. Bc5 Kf7 43. Bb6 Kf6 44. Rc5 Bb5 45. Kh2 Rd6 46. Kg3 g5 47. Rc8 Bc6 48. Rf8+ Ke6 49. Rd8 Bd7 50. Ra8 Rd3+ 51. Kh2 h5 52. Rxa6 g4 53. hxg4 hxg4 54. Be3+ Rd6 55. Rxd6+ Kxd6 56. a6 Kc7 57. a7 Kb7 58. Kg3 Ka8 59. Kf4 Bc8 60. Kxe4 Bb7+ 61. Kf4 Bxg2 62. Kxg4 Bd5 63. f4 Be4 64. Kg5 Bd3 65. Kf6 Be4 66. Ke5 Bg6 67. Kf6 Be4 1/2-1/2